Historia del cristianismo ; I El mundo antiguo
Gespeichert in:
| 1. Verfasser: | |
|---|---|
| Weitere Verfasser: | |
| Format: | Buch |
| Sprache: | Spanisch |
| Veröffentlicht: |
Madrid
Trotta
2006
|
| Ausgabe: | 3ª ed. |
| Schlagworte: | |
| Tags: |
Tag hinzufügen
Keine Tags, Fügen Sie den ersten Tag hinzu!
|
MARC
| LEADER | 00000nam a22000005a 4500 | ||
|---|---|---|---|
| 003 | CL-ChBUA | ||
| 005 | 20120815095537.0 | ||
| 008 | 111027s2006 sp ||||| |||| 000 ||spa | ||
| 020 | |a 8481647632 | ||
| 040 | |a CL-ChBUA |c CL-ChBUA | ||
| 082 | 0 | 0 | |a 270 |
| 090 | |c 29044 |d 29044 | ||
| 100 | 1 | |a Sotomayor, Manuel.,coord. | |
| 245 | 1 | 0 | |a Historia del cristianismo ; |b I El mundo antiguo |
| 250 | |a 3ª ed. | ||
| 260 | |a Madrid |b Trotta |c 2006 | ||
| 300 | |a 943 p. |c 24 cm. | ||
| 504 | |a índice, bibl. | ||
| 650 | 4 | |a HISTORIA ECLESIASTICA | |
| 700 | 1 | |a Fernández Ubiña, José.,coord. | |
| 942 | |c LIB | ||
| 952 | |0 0 |1 0 |4 0 |7 0 |9 67901 |a UNACH |b UNACH |c 200 |d 2011-10-27 |i 48.187 |l 6 |m 2 |o 270 / H 673 v.1 |p 69033 |r 2025-06-23 22:14:20 |s 2025-06-23 |u 67901 |w 2012-08-08 |y LIB |k 270 / H 673 v.1 | ||
| 999 | |c 29044 |d 29044 | ||